000 00423nam a2200157 i 4500
001 100194
003 ES-MaACL
005 20230906182626.0
007 t|
008 050922s1920 fr ||||1| fre d
100 1 _aMarx, Henry.
_978586
245 1 2 _aL'Enfant-maître
_b: pièce en trois actes /
_cHenry Marx.
260 _aParis :
_bEditions Clarté,
_c1920.
300 _a128 p. ;
_ccm.
852 _aES-MaACL
_j1627-F-5
999 _c100194
_d100194